MDQL
is popping MORE tags! Check the
thread
!
Quizzes
Events
Quiz Creation
Community
Videos
Private Events
Remove Ads
Sign In
Join for FREE
Feedback
Dark Mode
Quiz Categories
Sports
Geography
Music
Movies
Television
Just For Fun
Miscellaneous
History
Literature
Language
Science
Gaming
Entertainment
Religion
Holiday
For Kids
Quiz Lab
Recent
Popular Today
Quiz Kudos Today
Editor Picks
Curator Picks
Quizzes by...
Day
Popularity
Type
Ratings
Length
Year
Community
Subscriptions
Recent Discussions
Orange Saloon
Badges
Playlists
Quests
Create
Leaderboards
Showdown
Live 5
Trivia Bingo
Activity
Puzzle Library
Sporcle Events
Private Events
Virtual Trivia
Globe League
Become a Host
Pub Owners
SporcleCon
Opinionation
Our Games
Videos
Blog
Mobile Apps
Partnerships
Remove Ads and Go Orange
Feedback
Geography
Country
Landmarks
City
State
Population
World
Capital
Continent
Flags
Europe
Africa
Asia
South America
North America
Oceania
Border
Canada
United Kingdom
Topography
United States
Geography
Country
Landmarks
City
State
Population
World
Capital
Continent
Flags
Europe
Africa
Asia
South America
North America
Oceania
Border
Canada
United Kingdom
Topography
United States
Random Quiz
Search Sporcle
×
Quiz Lab
Quiz Lab
Geography
North America
Click on answers out of a set of options
Click on answers out of a set of options
Multiple Choice
Best Score? Go Orange.
Middle School Continents Quiz Stats
Can you pass the Middle School Continents Quiz?
By
gingerlover
3m
10 Questions
2,264 Plays
2,264 Plays
2,264 Plays
Comments
Comments
Give Quiz Kudos
Give Quiz Kudos
-
- Ratings
hide this ad
Random Order
Randomize order of answers
Randomize order of answers
Replay
Link that replays current quiz
Next Quiz
Link to next quiz in quiz playlist
You Got
0%
They Got
Avg Score
77%
Avg Friend Score
Upgrade to see
Score Distribution
Jump to the score distribution portion of the page
Score
0/10
Timer
03:00
0
Plays Today
Question
Answer
Wrong Answers
There is no civilization on this continent.
Antarctica
93.9%
Asia
0.7%
North America
0.8%
Australia
1.2%
Africa is the second largest continent. It has the world's largest hot desert. Which desert is it?
Sahara
93%
Thar
0.7%
Arabian
1.6%
Syrian
1.6%
Mt. Everest is the highest point on Earth. It is located on which continent?
Asia
87.3%
Australia
1%
Europe
3.5%
North America
4.7%
This is the largest continent. It covers about one-third of the world's total land area
Asia
85.6%
Africa
8.2%
South America
1.9%
Australia
1.2%
True or False? Antarctica is the coldest, windiest, and driest continent
True
83.7%
false
13.3%
Which continent is famous for diamond, gold, uranium, and copper mining?
Africa
76%
Asia
5.5%
South America
7.5%
North America
8.1%
What is the smallest continent?
Australia/Oceania
72.8%
Europe
22.2%
South America
1.8%
North America
0.5%
This continent has the highest waterfall?
South America
72.6%
Europe
4.3%
Australia
3.5%
North America
16.7%
Greenland is the largest island in the world and is located in which Continent?
North America
63.1%
Europe
30.5%
South America
1.3%
Asia
1.9%
Which continent is the fifth largest continent?
Antarctica
43.7%
North America
11.2%
Australia
19.3%
South America
22.6%
Quiz Playlist
Details
Report
Send in Message
Add To Playlist
Multiple Choice:
Click on answers out of a set of options
Random Order:
Randomize order of answers
Quiz Source
Last Updated: Aug 4, 2017
Quiz Scoreboard
CHALLENGE
Sign Up to Join the Scoreboard
Show All
Scores
Hide
Comments
May contain spoilers
Recently Published
Two Season TV Shows II
by 123Four
Television
10m
Image Sorting: Flags VI
by Barbecue
Geography
2m
Find the 'City' Movie
by crazypaving
Movies
60s
More to Explore
Quiz From the Vault
Featured Blog Post
14 Easter Pick-up Lines to Find Eggs With
hide this ad
You Might Also Like...
Tags
Africa Quiz
Asia Quiz
Continent Quiz
Europe Quiz
North America Quiz
South America Quiz
World Quiz
Antarctica
Australia
Middle School
National Geography
Seven Continents
Today's Top Quizzes in Geography
Browse Geography
hide this ad
Today's Top Quizzes in North America
Browse North America
Top Contributed Quizzes in Geography
1
Colored Red Europe Blitz I
2
Countries of the World - No Outlines Minefield
3
Colored Red Africa Blitz II
4
Colored Red Europe Blitz II
5
Colored Red Europe Blitz III
6
Colored Red Africa Blitz III
7
Colored Red States Blitz I
8
Colored Red States Blitz II
9
Colored Red States Blitz III
10
A Different View: World Oceans
Explore More
Trending Topics
NBA
Disney
Crossword
Harry Potter
Marvel
Kpop
Anime
Country
Pokémon
WWE
Soccer
NFL
The Office
Song
Puzzle
hide this ad
More By:
gingerlover
Quiz
Plays
Rating
Category
Featured
Created
Movies by Last Name
107,630
4.69
Movies
Jan 23, 2018
Movies by Last Name II
78,925
4.72
Movies
Jan 23, 2018
Which Mario Game?
77,635
4.70
Gaming
Jun 6, 2018
Movies by Last Name III
58,568
4.46
Movies
Mar 3, 2018
Character Ice Cream
58,109
4.60
Miscellaneous
May 5, 2017
Go to Creator's Profile
Score Distribution
Quiz Creator Spotlight
gingerlover
Follow
Send a Message
Quizzes Created
-
Created Quiz Play Count
-
More By This Creator
Popular Quizzes Today
1
Find the US States - No Outlines Minefield
2
Colored Red Africa Blitz
3
Find the 'City' Movie
4
5x2 Blitz: Bands
5
The Countries of the World
6
Find the Countries of Europe - No Outlines Minefield
7
Find the US States
8
US States
More Geography Quizzes
How Close Can You Get To...? VII
Published
Trending Quizzes
Colored Red Europe Blitz I
Colored Red Africa Blitz II
Colored Red Europe Blitz II
Colored Red Europe Blitz III
Colored Red Africa Blitz III
Recently Updated
How Do You Spell That?
pecheneg
Godzilla Movies
pecheneg
Grab Bag: 4-10 Letters
pecheneg
2024 March Madness Bracket
pecheneg
Famous TV Couples
Peacemaker
Champions League XIs: Real Madrid
pecheneg
Largest US Cities 1790-2010
pecheneg
Rides in Walt Disney World
pecheneg
Most Oscar Losses (Acting)
pecheneg
Beyoncé Albums
pecheneg
Trending Topics
Marvel
Anime
Disney
Crossword
Harry Potter
Kpop
NBA
Soccer
Puzzle
Pokémon
WWE
The Office
NFL
Country
Song
Your Account Isn't Verified!
In order to create a playlist on Sporcle, you need to verify the email address you used during registration. Go to your
Sporcle Settings
to finish the process.
Report this User
Report this user for behavior that violates our
Community Guidelines
.
Details:
Send Report
Go to the Sporcle.com Mobile Site →
Comments